000 00289nam a22001217a 4500
008 170321b xxu||||| |||| 00| 0 eng d
041 _aalb
080 _a616.12-008-073
100 _a7
101 _aSHM
245 _aSEMUNDJET E ZEMRES DHE TE ENEVE TE GJAKUT
_cKONDILI, A
942 _2udc
_cBK
999 _c8213
_d8213